Capoluoghi di Provincia per altitudine - Statistics

Statistiche generali
  • Questo quiz è stato fatto 42 volte
  • Il punteggio medio è 18 su 20
Statistiche sulle risposte
Altitudine (m s.l.m.) Regione Capoluogo % Corretto
931 Sicilia Enna
97%
879 Basilicata Potenza
97%
583 Valle d'Aosta Aosta
93%
701 Molise Campobasso
93%
534 Piemonte Cuneo
93%
493 Umbria Perugia
93%
714 Abruzzo L'Aquila
90%
401 Basilicata Matera
90%
549 Sardegna Nuoro
90%
502 Sicilia Ragusa
90%
420 Piemonte Biella
87%
568 Sicilia Caltanissetta
87%
476 Calabria Vibo Valentia
87%
348 Campania Avellino
83%
383 Veneto Belluno
83%
330 Abruzzo Chieti
83%
423 Molise Isernia
83%
405 Lazio Rieti
83%
432 Abruzzo Teramo
83%
382 Lombardia Varese
73%
Nessun quiz corrispondente trovato
Distribuzione punteggi
Percentuale di utenti per punteggio
Percentile per numero di risposta
I tuoi punteggi nel tempo
Non hai fatto questo quiz